[Event "Aeroflot Open B 2015"]
[Site "Moscow RUS"]
[Date "2015.04.04"]
[Round "9.21"]
[White "Liu, Chang"]
[Black "Palit, Somak"]
[Result "1-0"]
[BlackTitle "IM"]
[WhiteElo "2357"]
[BlackElo "2415"]
[WhiteFideId "8606340"]
[BlackFideId "5010454"]
[EventDate "2015.03.27"]

1. d4 c5 2. d5 Nf6 3. c4 e6 4. Nc3 exd5 5. cxd5 Bd6 6. Nf3 h6 7. e4 O-O 8. Bd3
Bc7 9. O-O d6 10. h3 a6 11. a4 Re8 12. Re1 Nbd7 13. Bf4 Rb8 14. g4 Nh7 15. Kg2
Nhf8 16. Be3 Ng6 17. Nh2 Ba5 18. f4 c4 19. Bc2 b5 20. axb5 axb5 21. Rf1 Nf6 22.
f5 Nh4+ 23. Kg3 Bxc3 24. bxc3 Nxe4+ 25. Bxe4 Rxe4 26. Qd2 b4 27. cxb4 Qf6 28.
Ra3 Bd7 29. Qc3 Qd8 30. Rf4 Bxf5 31. gxf5 Qg5+ 32. Rg4 Rxg4+ 33. Nxg4 Nxf5+ 34.
Kh2 Qe7 35. Qc2 Qd7 36. Bf2 h5 37. Ne3 Nxe3 38. Bxe3 Qb5 39. Rc3 Qxb4 40. Rxc4
Qb7 41. Qf5 g6 42. Qf6 Qb2+ 43. Qxb2 Rxb2+ 44. Kg3 Rb5 45. Rd4 Kf8 46. h4 Ke7
47. Re4+ Kd7 48. Bg5 Rb3+ 49. Kf2 Rb7 50. Re7+ Kc8 51. Rxb7 Kxb7 52. Be7 Kb6 53.
Bxd6 f6 54. Ke3 g5 55. Ke4 Kb5 56. Kf5 Kc4 57. Ke6 1-0

[Event "Aeroflot Open B 2015"]
[Site "Moscow RUS"]
[Date "2015.04.04"]
[Round "9.22"]
[White "Khanin, Semen"]
[Black "Pustovoitova, Daria"]
[Result "1/2-1/2"]
[BlackTitle "FM"]
[WhiteElo "2408"]
[BlackElo "2339"]
[WhiteFideId "4111990"]
[BlackFideId "4182146"]
[EventDate "2015.03.27"]

1. e4 c5 2. Nf3 d6 3. Bb5+ Nd7 4. c3 a6 5. Ba4 b5 6. Bc2 Bb7 7. O-O Ngf6 8. Qe2
e6 9. d4 cxd4 10. cxd4 Be7 11. a3 O-O 12. Nc3 Rc8 13. Bd2 Rc7 14. Rac1 Qa8 15.
d5 e5 16. Na2 Nb6 17. Ba5 Nfd7 18. Nb4 Rcc8 19. Bb3 Rxc1 20. Rxc1 Rc8 21. Qd1 h6
22. h3 Bd8 23. Nd3 Rxc1 24. Qxc1 Qc8 25. Qxc8 Bxc8 26. Nb4 Kf8 27. Nc6 Bc7 28.
Ne1 Nc5 29. Bc2 Ke8 30. b3 Nb7 31. Bc3 Nd7 32. Nd3 Ndc5 33. Nb2 Nd8 34. b4 Nd7
35. Na5 Nb7 36. Nc6 Nd8 37. Nxd8 Kxd8 38. a4 bxa4 39. Bxa4 Nb6 40. Bb3 Bd7 41.
f4 f6 42. f5 Bb5 43. Kf2 Ke7 44. Bd2 Kd7 45. Kf3 Ke7 46. Be3 Bd8 47. Bd1 Nc4 48.
Nxc4 Bxc4 49. Be2 Bxe2+ 50. Kxe2 Ke8 51. Kd3 Kd7 52. Kc4 Kc8 53. Kb3 Kb7 54. Ka4
Kc8 55. Bf2 Kd7 56. b5 axb5+ 57. Kxb5 Be7 58. Bb6 h5 59. Ba5 Bf8 60. Kc4 Be7 61.
Bb6 Ke8 62. Kd3 Kf7 63. g4 hxg4 64. hxg4 g5 65. fxg6+ Kxg6 66. Be3 Kf7 67. Kc4
Ke8 68. Kd3 Bd8 69. Bd2 Be7 70. Ba5 Kf7 71. Ke3 Kg6 72. Kf3 Kg5 73. Bd2+ Kh4 74.
Ba5 Kh3 75. Be1 Bd8 76. Bf2 Be7 77. Be3 Kh4 78. Bh6 Kh3 79. Bg7 Kh4 1/2-1/2

[Event "Aeroflot Open B 2015"]
[Site "Moscow RUS"]
[Date "2015.04.04"]
[Round "9.23"]
[White "Korchmar, Vasiliy"]
[Black "Mammadzada, Gunay"]
[Result "1/2-1/2"]
[WhiteTitle "FM"]
[BlackTitle "WGM"]
[WhiteElo "2405"]
[BlackElo "2336"]
[WhiteFideId "24131750"]
[BlackFideId "13403729"]
[EventDate "2015.03.27"]

1. d4 d5 2. c4 c6 3. Nf3 Nf6 4. g3 dxc4 5. Bg2 Nbd7 6. O-O g6 7. a4 a5 8. Qc2
Nb6 9. e4 Bg7 10. Rd1 O-O 11. Na3 Be6 12. Ng5 Bg4 13. f3 Bd7 14. Nxc4 Nxc4 15.
Qxc4 h6 16. Nh3 Qb6 17. Be3 Be6 18. Qe2 Bb3 19. Rdc1 Nd7 20. Qf2 g5 21. Kh1 f5
22. d5 Qb4 23. dxc6 bxc6 24. exf5 Rxf5 25. Rxc6 Ne5 26. Rb6 Qc4 27. Ng1 Rd8 28.
Rb7 Bxa4 29. Rxe7 Bb5 30. Bf1 Qc6 31. Rc1 Qd6 32. Bc5 Nd3 33. Bxd3 Qxd3 34. Bb6
Rd7 35. Rxd7 Bxd7 36. g4 Rb5 37. Rc2 Bxg4 38. Rd2 Qg6 39. Rd8+ Kh7 40. Bd4 Bf5
41. Ra8 Be4 42. Rc8 Bd5 43. Bxg7 Kxg7 44. Qe2 Qf5 45. Rc7+ Bf7 46. Kg2 Re5 47.
Qd2 Rd5 48. Qc3+ Qf6 49. Ne2 Qxc3 50. Nxc3 Rd2+ 51. Kg3 Rxb2 52. Ra7 1/2-1/2

[Event "Aeroflot Open B 2015"]
[Site "Moscow RUS"]
[Date "2015.04.04"]
[Round "9.24"]
[White "Vuilleumier, Alexandre"]
[Black "Abdyjapar, Asyl"]
[Result "1/2-1/2"]
[WhiteTitle "IM"]
[BlackTitle "IM"]
[WhiteElo "2349"]
[BlackElo "2400"]
[WhiteFideId "1305662"]
[BlackFideId "13800337"]
[EventDate "2015.03.27"]

1. e4 c5 2. Nf3 d6 3. d4 cxd4 4. Nxd4 Nf6 5. Nc3 g6 6. Be3 Bg7 7. Be2 O-O 8. Qd2
Nc6 9. O-O-O Ng4 10. Bxg4 Bxg4 11. f3 Bd7 12. Nxc6 bxc6 13. Bh6 Bxh6 14. Qxh6
Qa5 15. h4 Be6 16. Qg5 Qxg5+ 17. hxg5 Kg7 18. b3 Rh8 19. Kd2 h6 20. gxh6+ Rxh6
21. Rxh6 Kxh6 22. Ke3 Kg7 23. Rd4 Rb8 24. Ra4 Rb7 25. Ra6 Rc7 26. f4 Kf6 27. Ra5
Bg4 28. Rg5 Bc8 29. e5+ Kg7 30. Ne4 Bf5 31. exd6 Rd7 32. c4 exd6 33. Ng3 Re7+
34. Kd2 Bb1 35. Ra5 c5 36. Ra6 Rd7 37. Kc1 Bd3 38. Kd2 Bb1 39. Ke3 d5 40. cxd5
Rxd5 41. Rxa7 Rd3+ 42. Kf2 Rd2+ 43. Kf3 Rxa2 44. Rxa2 Bxa2 45. Ne4 Bxb3 46. Nxc5 1/2-1/2

[Event "Aeroflot Open B 2015"]
[Site "Moscow RUS"]
[Date "2015.04.04"]
[Round "9.25"]
[White "Kathmale, Sameer"]
[Black "Litvinov, Maxim"]
[Result "1-0"]
[WhiteTitle "IM"]
[WhiteElo "2322"]
[BlackElo "2389"]
[WhiteFideId "5024498"]
[BlackFideId "24157449"]
[EventDate "2015.03.27"]

1. e4 e5 2. Nf3 Nc6 3. Bb5 a6 4. Ba4 Nf6 5. O-O Be7 6. Qe2 b5 7. Bb3 O-O 8. c3
d5 9. d3 Bb7 10. Nbd2 Re8 11. Re1 Bf8 12. a3 Na5 13. Ba2 c5 14. b4 Nc6 15. exd5
Nxd5 16. Ne4 cxb4 17. Nfg5 h6 18. Qf3 hxg5 19. Bxd5 Qxd5 20. Nf6+ gxf6 21. Qxd5
bxc3 22. Qf3 Re6 23. d4 Rc8 24. dxe5 Na5 25. Qg3 Nb3 26. Rb1 Nxc1 27. Rbxc1 c2
28. h4 Rc4 29. Re2 Be4 30. exf6 Rxf6 31. h5 Rf5 32. Rxe4 Rxe4 33. Rxc2 Rd5 34.
Qf3 Red4 35. Rc8 Rd8 36. Rxd8 Rxd8 37. Qf6 Rd1+ 38. Kh2 Rd5 39. g4 Bg7 40. Qxa6
Re5 41. h6 Bh8 42. Qb7 Rc5 43. Qe7 Re5 44. Qd7 Bf6 45. h7+ Kxh7 46. Qxf7+ Bg7
47. Kg2 Rc5 48. Qh5+ Kg8 49. f4 Rc2+ 50. Kf1 Rc3 51. Qxg5 Rxa3 52. Ke2 Ra6 53.
Qd8+ Kh7 54. g5 b4 55. g6+ 1-0

[Event "Aeroflot Open B 2015"]
[Site "Moscow RUS"]
[Date "2015.04.04"]
[Round "9.26"]
[White "Danielian, Elina"]
[Black "Abhishek, Kelkar"]
[Result "1/2-1/2"]
[WhiteTitle "GM"]
[WhiteElo "2488"]
[BlackElo "2343"]
[WhiteFideId "13300210"]
[BlackFideId "5019257"]
[EventDate "2015.03.27"]

1. d4 Nf6 2. Bg5 c5 3. Bxf6 gxf6 4. d5 Qb6 5. Qc1 f5 6. c4 Bg7 7. Nc3 d6 8. e3
Nd7 9. Nf3 Nf6 10. Rb1 Ne4 11. Nxe4 fxe4 12. Nd2 f5 13. g3 Bd7 14. a3 Qc7 15.
Be2 O-O 16. O-O a6 17. b4 b6 18. bxc5 bxc5 19. f3 Bh6 20. Qc3 Bg7 21. Qc1 Bh6
22. Qc3 1/2-1/2

[Event "Aeroflot Open B 2015"]
[Site "Moscow RUS"]
[Date "2015.04.04"]
[Round "9.27"]
[White "Pasiev, Rakhim"]
[Black "Ruecker, Benjamin"]
[Result "1-0"]
[WhiteTitle "IM"]
[WhiteElo "2400"]
[BlackElo "2269"]
[WhiteFideId "24122475"]
[BlackFideId "4677110"]
[EventDate "2015.03.27"]

1. d4 g6 2. e4 Bg7 3. Nc3 d6 4. Be3 a6 5. Qd2 b5 6. O-O-O Bb7 7. f3 Nd7 8. h4 h5
9. Nh3 Ngf6 10. Kb1 b4 11. Ne2 a5 12. Ng5 O-O 13. g4 hxg4 14. Ng3 c5 15. h5 cxd4
16. Bxd4 e5 17. Be3 Nxh5 18. Nxh5 gxh5 19. fxg4 Nf6 20. gxh5 Nxe4 21. Nxe4 Bxe4
22. Rg1 Kh7 23. Bd3 Bxd3 24. Qxd3+ Kh8 25. Rdf1 f5 26. Rg6 Rb8 27. Rxd6 e4 28.
Qd5 Qe7 29. h6 Be5 30. Re6 Rb5 31. Rxe5 Qxe5 32. Qxe5+ Rxe5 33. Bd4 1-0

[Event "Aeroflot Open B 2015"]
[Site "Moscow RUS"]
[Date "2015.04.04"]
[Round "9.28"]
[White "Zherebtsova, Alexandra"]
[Black "Le, Tuan Minh"]
[Result "0-1"]
[WhiteTitle "WFM"]
[BlackTitle "FM"]
[WhiteElo "2184"]
[BlackElo "2393"]
[WhiteFideId "24129518"]
[BlackFideId "12401153"]
[EventDate "2015.03.27"]

1. d4 d5 2. c4 c6 3. Nc3 Nf6 4. Nf3 a6 5. cxd5 cxd5 6. Bf4 Nc6 7. Rc1 Bf5 8. e3
Rc8 9. Ne5 Qb6 10. Bd3 Bxd3 11. Nxd3 e6 12. O-O Be7 13. Na4 Qa7 14. Qb3 Nd7 15.
Ne5 Ndxe5 16. Bxe5 b5 17. Nc3 O-O 18. Qd1 Nxe5 19. dxe5 Qb8 20. f4 Bc5 21. Qd3
Qa7 22. Rf3 Bb6 23. Rh3 g6 24. Rd1 Rc4 25. Kh1 Rfc8 26. a3 Ba5 27. Ne2 Bb6 28.
Nc3 Qc7 29. Qf1 Ba5 30. Ne2 Rc2 31. b3 Rb2 32. b4 Bb6 33. Qe1 Qc2 34. Rc1 Qxc1 0-1

[Event "Aeroflot Open B 2015"]
[Site "Moscow RUS"]
[Date "2015.04.04"]
[Round "9.29"]
[White "Gorbatov, Alexej"]
[Black "Kulkarni, Rakesh"]
[Result "1/2-1/2"]
[WhiteTitle "IM"]
[WhiteElo "2372"]
[BlackElo "2282"]
[WhiteFideId "4111834"]
[BlackFideId "5037077"]
[EventDate "2015.03.27"]

1. Nf3 d5 2. d4 Nf6 3. c4 c6 4. cxd5 cxd5 5. Nc3 Nc6 6. Bf4 a6 7. Rc1 g6 8. Ne5
Bg7 9. e3 O-O 10. Be2 Nxe5 11. dxe5 Nd7 12. Qxd5 Nxe5 13. O-O Nc6 14. Qc5 Qd2
15. Bf3 Nd4 16. exd4 Qxf4 17. Rfd1 e6 18. Na4 Bd7 19. Nb6 Rad8 20. Bxb7 Bb5 21.
g3 Qg4 22. d5 Bxb2 23. Rb1 e5 24. h3 Qh5 25. d6 Bd4 26. Rxd4 exd4 27. Nd5 f6 28.
Re1 d3 29. Qd4 Qe2 30. Rxe2 dxe2 31. Nxf6+ Rxf6 32. Qxf6 e1=Q+ 33. Kh2 Rxd6 34.
Qxd6 Qxf2+ 35. Kh1 Qe1+ 36. Kh2 Qe2+ 37. Kh1 Qe1+ 38. Kh2 Qf2+ 39. Kh1 1/2-1/2

[Event "Aeroflot Open B 2015"]
[Site "Moscow RUS"]
[Date "2015.04.04"]
[Round "9.30"]
[White "Gavrilov, Alexei1"]
[Black "Zilbert, Oleg"]
[Result "1-0"]
[WhiteTitle "GM"]
[BlackTitle "FM"]
[WhiteElo "2485"]
[BlackElo "2250"]
[WhiteFideId "4104358"]
[BlackFideId "4165950"]
[EventDate "2015.03.27"]

1. d4 g6 2. e4 Bg7 3. c4 Nc6 4. Nf3 d6 5. d5 Nb8 6. Bd3 Na6 7. O-O Nf6 8. Nc3
O-O 9. h3 e6 10. Re1 Nc5 11. Bc2 exd5 12. cxd5 Re8 13. Bg5 h6 14. Bd2 a5 15. Rc1
Re7 16. a4 Re8 17. Bf4 g5 18. Bh2 Nfd7 19. Qd2 Nb6 20. b3 Nbd7 21. Nb5 Ra6 22.
Re3 Ne5 23. Nxe5 Bxe5 24. Bxe5 Rxe5 25. Rg3 c6 26. dxc6 Rxc6 27. f4 Rxe4 28.
fxg5 hxg5 29. Rxg5+ Kf8 30. Rxc5 1-0

[Event "Aeroflot Open B 2015"]
[Site "Moscow RUS"]
[Date "2015.04.04"]
[Round "9.31"]
[White "Bayarmaa, Bayarjargal"]
[Black "Lomasov, Semen"]
[Result "1-0"]
[WhiteTitle "WFM"]
[BlackTitle "FM"]
[WhiteElo "2264"]
[BlackElo "2335"]
[WhiteFideId "4900260"]
[BlackFideId "24164879"]
[EventDate "2015.03.27"]

1. d4 Nf6 2. c4 c5 3. d5 b5 4. cxb5 a6 5. bxa6 g6 6. Nc3 Bg7 7. Nf3 O-O 8. g3 d6
9. Bg2 Nxa6 10. O-O Bf5 11. Nd2 Qc7 12. Nc4 Rfb8 13. Bg5 Rb4 14. b3 Ng4 15. Rc1
Ne5 16. Nxe5 Bxe5 17. e4 Bxc3 18. Rxc3 Bxe4 19. Re1 Rd4 20. Qxd4 Bxg2 21. Qd1
Qa5 22. Rce3 Bh3 23. g4 f6 24. Bh6 Qb4 25. Rxh3 1-0

[Event "Aeroflot Open B 2015"]
[Site "Moscow RUS"]
[Date "2015.04.04"]
[Round "9.32"]
[White "Savenkov, Konstantin"]
[Black "Nazarenus, Moritz"]
[Result "1-0"]
[WhiteTitle "FM"]
[WhiteElo "2331"]
[BlackElo "2217"]
[WhiteFideId "4138600"]
[BlackFideId "4670540"]
[EventDate "2015.03.27"]

1. e4 c6 2. d4 d5 3. Nd2 dxe4 4. Nxe4 Bf5 5. Nc5 Qc8 6. Bd3 Bxd3 7. Nxd3 Nf6 8.
Nf3 e6 9. Bf4 Nbd7 10. O-O Be7 11. Re1 O-O 12. c4 Re8 13. b4 a5 14. a3 axb4 15.
axb4 b6 16. Qe2 Bf8 17. Nfe5 Nxe5 18. dxe5 Nd7 19. Qe4 Qc7 20. h4 Rec8 21. h5
Ra7 22. Rad1 Ra4 23. Re3 b5 24. Rg3 bxc4 25. Qxc4 c5 26. Rc1 Rca8 27. Bh6 g6 28.
Bxf8 Kxf8 29. hxg6 hxg6 30. Qf4 Kg7 31. Rh3 Kf8 32. Nxc5 1-0

[Event "Aeroflot Open B 2015"]
[Site "Moscow RUS"]
[Date "2015.04.04"]
[Round "9.33"]
[White "Derakhshani, Dorsa"]
[Black "Mammadova, Gulnar"]
[Result "1/2-1/2"]
[WhiteTitle "WFM"]
[BlackTitle "WGM"]
[WhiteElo "2169"]
[BlackElo "2314"]
[WhiteFideId "12500330"]
[BlackFideId "13403508"]
[EventDate "2015.03.27"]

1. e4 e6 2. d4 d5 3. Nc3 Bb4 4. e5 c5 5. a3 Bxc3+ 6. bxc3 Ne7 7. Qg4 Qc7 8. Bd3
c4 9. Be2 Qa5 10. Bd2 Nf5 11. Bd1 Nc6 12. Ne2 Bd7 13. Ng3 Nce7 14. Nxf5 Nxf5 15.
Qg5 h6 16. Qh5 g6 17. Qf3 Rh7 18. g4 Ne7 19. Qf6 Ng8 20. Qh4 Qb6 21. Bc1 Ba4 22.
f4 Ne7 23. O-O Kd7 24. Ra2 g5 25. fxg5 Qb1 26. Rb2 Qxc1 27. Rxb7+ Ke8 28. Rxe7+
Kxe7 29. g6+ Qg5 30. Qxg5+ hxg5 31. gxh7 Rh8 32. h4 gxh4 33. Kg2 Rxh7 34. Kh3
Rh8 35. g5 Rb8 36. Kxh4 Rb1 37. Be2 Rb2 38. Rf6 Be8 39. Bh5 Rxc2 40. g6 Rh2+ 41.
Kg5 Rg2+ 42. Kh6 fxg6 43. Bxg6 Rh2+ 44. Kg5 Bxg6 45. Rxg6 Rg2+ 46. Kh6 Rh2+ 47.
Kg5 Rg2+ 48. Kh6 Rh2+ 49. Kg5 1/2-1/2

[Event "Aeroflot Open B 2015"]
[Site "Moscow RUS"]
[Date "2015.04.04"]
[Round "9.34"]
[White "Yeletsky, Ivan"]
[Black "Kazimova, Narmin"]
[Result "1-0"]
[WhiteTitle "FM"]
[BlackTitle "WGM"]
[WhiteElo "2312"]
[BlackElo "2262"]
[WhiteFideId "24180327"]
[BlackFideId "13402951"]
[EventDate "2015.03.27"]

1. d4 Nf6 2. c4 e6 3. Nc3 Bb4 4. e3 b6 5. Ne2 Bb7 6. a3 Be7 7. Ng3 d5 8. cxd5
exd5 9. Bd3 O-O 10. Nf5 Re8 11. Nxe7+ Qxe7 12. O-O c5 13. Bd2 Nc6 14. Ne2 Rad8
15. Rc1 Qd6 16. f3 a6 17. Ng3 Bc8 18. Ne2 Re7 19. Bb1 a5 20. Re1 c4 21. a4 Nb4
22. g4 Bd7 23. Ng3 g6 24. Kg2 Bc6 25. Bc3 Qd7 26. Qd2 Rde8 27. h4 Nxg4 28. fxg4
Qxg4 29. Qf2 Bd7 30. Qf4 Qh3+ 31. Kg1 Bg4 32. Bxb4 axb4 33. Rc2 Bd7 34. Rg2 Qg4
35. Qh6 Kh8 36. Nf5 Bxf5 37. Rxg4 Bxg4 38. Qg5 f5 39. Qf6+ Kg8 40. Qxb6 b3 41.
Qd6 Rxe3 42. Qxd5+ Kh8 43. Rxe3 Rxe3 44. Qxc4 1-0

[Event "Aeroflot Open B 2015"]
[Site "Moscow RUS"]
[Date "2015.04.04"]
[Round "9.35"]
[White "Ovod, Evgenija"]
[Black "Tomashevskaya, Lidia"]
[Result "1-0"]
[WhiteTitle "IM"]
[BlackTitle "WIM"]
[WhiteElo "2325"]
[BlackElo "2232"]
[WhiteFideId "4131827"]
[BlackFideId "4113110"]
[EventDate "2015.03.27"]

1. d4 Nf6 2. c4 e6 3. Nc3 Bb4 4. e3 c5 5. Bd3 Nc6 6. Nf3 Bxc3+ 7. bxc3 d6 8. e4
e5 9. h3 cxd4 10. cxd4 exd4 11. O-O O-O 12. Bb2 Re8 13. Re1 Qb6 14. Rb1 Qc5 15.
Ba1 a6 16. Bc2 Qxc4 17. Bb3 Qc5 18. Nxd4 Qg5 19. Nf3 Qf4 20. g3 Qh6 21. Qxd6 Be6
22. Qd2 Qxd2 23. Nxd2 Bxb3 24. Rxb3 Rad8 25. Bxf6 Rxd2 26. Bc3 Rxa2 27. Rxb7 Rc2
28. Re3 a5 29. Rc7 Nb4 30. Ra7 Rc1+ 31. Kg2 Nc2 32. Re2 Nb4 33. Re3 Nc2 34. Rf3
f6 35. Rd3 Ne1+ 36. Bxe1 Rxe1 37. Rdd7 g5 38. Rg7+ Kh8 39. Rxh7+ Kg8 40. Rhg7+
Kh8 41. Rgf7 R1xe4 42. Rxf6 R4e5 43. Kf3 R8e7 44. Rxe7 Rxe7 45. Ra6 Re5 46. Ra7
Kg8 47. Kg4 Kf8 48. h4 gxh4 49. Kxh4 Re4+ 50. f4 a4 51. Kg5 Re7 52. Ra8+ Kg7 53.
Rxa4 Rb7 54. f5 Rc7 55. g4 Rb7 56. Re4 Kf7 57. Re6 Rb4 58. Rh6 Kg7 59. Rc6 Ra4
60. Rc7+ Kg8 61. f6 Kf8 62. Kh5 Rb4 63. g5 Ra4 64. Rc8+ 1-0

[Event "Aeroflot Open B 2015"]
[Site "Moscow RUS"]
[Date "2015.04.04"]
[Round "9.36"]
[White "Salman, Pavel"]
[Black "Hakobyan, Aram"]
[Result "1/2-1/2"]
[WhiteTitle "FM"]
[BlackTitle "FM"]
[WhiteElo "2288"]
[BlackElo "2283"]
[WhiteFideId "24153753"]
[BlackFideId "13306677"]
[EventDate "2015.03.27"]

1. d4 Nf6 2. c4 e6 3. g3 Bb4+ 4. Bd2 a5 5. Bg2 O-O 6. Nf3 b6 7. Ne5 Ra7 8. Nd3
Bxd2+ 9. Qxd2 d6 10. O-O Ba6 11. Na3 c5 12. dxc5 bxc5 13. Rfd1 Rd7 14. Rac1 Qb6
15. h3 Rfd8 16. g4 Nc6 17. g5 Ne8 18. Bxc6 Qxc6 19. Qxa5 g6 20. f3 Bb7 21. Nb5
Ba6 22. Na3 Ra8 23. Qd2 Qc7 24. Ne5 Rdd8 25. Ng4 d5 26. Kg2 d4 27. Qe1 h5 28.
gxh6 f5 29. h7+ Qxh7 30. Ne5 Nf6 31. Qg3 Nh5 32. Qg5 Qg7 33. Nd3 e5 34. Kh1 Rdc8
35. Rg1 Rc6 36. b4 Bb7 37. Nc2 e4 38. Nxc5 Rxc5 39. Qxg6 Qxg6 40. Rxg6+ Kf7 41.
bxc5 Kxg6 42. Nxd4 Rxa2 43. Rg1+ Kf6 44. c6 Ba6 45. fxe4 fxe4 46. c7 Ra4 47. Nb5
Rxc4 48. Nd6 Rc6 49. Ra1 Bb7 50. Nxb7 1/2-1/2

[Event "Aeroflot Open B 2015"]
[Site "Moscow RUS"]
[Date "2015.04.04"]
[Round "9.37"]
[White "Pratyusha, Bodda"]
[Black "Gadimbayli, Abdulla"]
[Result "1/2-1/2"]
[BlackTitle "FM"]
[WhiteElo "2270"]
[BlackElo "2332"]
[WhiteFideId "5000629"]
[BlackFideId "13404938"]
[EventDate "2015.03.27"]

1. d4 d5 2. c4 c6 3. Nc3 Nf6 4. e3 e6 5. Nf3 Nbd7 6. Bd3 Be7 7. O-O O-O 8. e4
dxe4 9. Nxe4 b6 10. Nxf6+ Nxf6 11. Bg5 Bb7 12. Bc2 c5 13. dxc5 Qxd1 14. Bxd1
Bxc5 15. Bxf6 gxf6 16. Bc2 Rfd8 17. Rfd1 Kg7 18. Rxd8 Rxd8 19. Rd1 Rxd1+ 20.
Bxd1 f5 21. Ne1 e5 22. Nc2 Kf6 23. Kf1 Be4 24. Ne1 Bb1 25. a4 e4 26. f4 Bd4 27.
b3 Bc3 28. Bc2 Bxe1 29. Bxb1 Bd2 30. g3 Ke6 31. Bc2 Kd6 32. Bd1 Kc5 33. Bh5 f6
34. Ke2 Bb4 35. Bf7 Kd4 36. Be6 h6 37. Bxf5 Bc5 38. h3 Bb4 39. Bd7 Bc5 40. Bb5
Kc3 41. g4 Kxb3 42. h4 Kc3 43. g5 fxg5 44. fxg5 hxg5 45. hxg5 Kd4 46. g6 Bf8 47.
Ba6 Ke5 48. Bb5 Bh6 49. Bc6 Kf5 50. Bb7 Bg7 51. Ke3 Bh6+ 52. Ke2 Ke5 53. Ba6 Kd4
54. Bb5 1/2-1/2

[Event "Aeroflot Open B 2015"]
[Site "Moscow RUS"]
[Date "2015.04.04"]
[Round "9.38"]
[White "Gurvich, Vitaly"]
[Black "Byambaa, Zulzaga"]
[Result "1-0"]
[BlackTitle "FM"]
[WhiteElo "2247"]
[BlackElo "2286"]
[WhiteFideId "24164852"]
[BlackFideId "4900642"]
[EventDate "2015.03.27"]

1. e4 d6 2. d4 Nf6 3. Nc3 g6 4. Nf3 Bg7 5. Be2 O-O 6. O-O c6 7. h3 Nbd7 8. a4 e5
9. dxe5 dxe5 10. Qd6 Re8 11. Bc4 Bf8 12. Qd1 h6 13. Be3 Qe7 14. Nd2 Nh5 15. Ne2
Nb6 16. Bb3 Be6 17. Bxe6 Qxe6 18. Bxb6 axb6 19. c3 Red8 20. Qc2 Bd6 21. b3 Bc7
22. Nc4 Kg7 23. Rad1 Nf6 24. Ne3 Bd6 25. Nc4 Bc5 26. Rxd8 Rxd8 27. Nb2 b5 28. b4
Ba7 29. c4 Qd6 30. Rd1 Qe7 31. Rxd8 Qxd8 32. axb5 cxb5 33. c5 Qd7 34. Qd3 Qe6
35. Qa3 Bb8 36. Nc3 Qc6 37. f3 Qd7 38. Qb3 b6 39. Nd5 bxc5 40. bxc5 Ba7 41. Nd3
Qc6 42. Nxf6 Kxf6 43. Qc3 Qc7 44. f4 Kg7 45. fxe5 Kg8 46. Kh1 Qc6 47. Qd4 Qa6
48. Qd6 Qa2 49. Kh2 Kh7 50. Qd5 Qc4 51. c6 Bb6 52. Nf4 Bc7 53. Qxc4 bxc4 54. Nd5
Bxe5+ 55. Kg1 Kg7 56. Kf2 c3 57. Ke3 1-0

[Event "Aeroflot Open B 2015"]
[Site "Moscow RUS"]
[Date "2015.04.04"]
[Round "9.39"]
[White "Mamyrbay, Assad"]
[Black "Vojinovic, Jovana"]
[Result "1/2-1/2"]
[BlackTitle "WGM"]
[WhiteElo "2222"]
[BlackElo "2284"]
[WhiteFideId "13708880"]
[BlackFideId "937266"]
[EventDate "2015.03.27"]

1. e4 d6 2. d4 e5 3. Nf3 exd4 4. Nxd4 Nf6 5. Nc3 Be7 6. Bc4 O-O 7. O-O c6 8. a4
Nbd7 9. Bf4 Ne5 10. Ba2 Re8 11. h3 Bf8 12. Re1 Ng6 13. Bg3 Qb6 14. Qd2 Bd7 15.
Rad1 Rad8 16. Qd3 Bc8 17. Qc4 Re7 18. Qb3 Qc5 19. Nf5 Rc7 20. Qc4 Qxc4 21. Bxc4
Nxe4 22. Nh6+ gxh6 23. Nxe4 Bf5 24. Bxd6 Bxd6 25. Rxd6 Rxd6 26. Nxd6 Bxc2 27.
Re8+ Nf8 28. Rb8 b6 29. Ne8 Re7 30. Nf6+ Kg7 31. Nh5+ Kg8 32. Nf6+ Kg7 33. Nh5+ 1/2-1/2